Marlon Brando Movies - Sudden Death - Statistics

General Stats
  • This quiz has been taken 363 times
    267 since last reset
  • The average score is 8 of 18
Answers on the Grid
Answers color-coded by a green-red scale on the quiz's grid according to % correct below.
The Godfather
Apocalypse Now
Chinatown
The Deer Hunter
Dances with Wolves
A View to a Kill
Burn!
Jerry Maguire
The Fugitive Kind
Paper Moon
The Missouri Breaks
Unforgiven
The Bodyguard
Batman
One-Eyed Jacks
The Shining
Sayonara
East of Eden
Crimson Tide
On the Waterfront
Midnight Cowboy
Little Big Man
Superman
Field of Dreams
The Men
As Good as It Gets
Guys and Dolls
Mystic River
Mutiny on the Bounty
The Chase
Speed
Viva Zapata!
Face/Off
Pulp Fiction
The Wild One
The Freshman
A Beautiful Mind
Julius Caesar
Last Tango in Paris
 
Answer Stats
Answer % Correct
The Godfather
88%
Apocalypse Now
83%
On the Waterfront
76%
Last Tango in Paris
71%
Mutiny on the Bounty
55%
Superman
52%
Julius Caesar
45%
The Wild One
45%
Sayonara
42%
Guys and Dolls
41%
Viva Zapata!
40%
One-Eyed Jacks
37%
The Freshman
34%
The Missouri Breaks
31%
The Men
28%
The Fugitive Kind
27%
Burn!
23%
The Chase
23%
No matching quizzes found
Score Distribution
Percent of People with Each Score
Percentile by Number Answered
Your Score History
You have not taken this quiz since the last reset